Mammals - sudden death - Statistics

General Stats
  • This quiz has been taken 1,014 times
  • The average score is 18 of 31
Answers on the Grid
Answers color-coded by a green-red scale on the quiz's grid according to % correct below.
Elephant
Poodle
Rhinoceros
Aardvark
Snow leopard
Mouse
Frog
Bowhead whale
Meerkat
Haddock
Penguin
Lobster
Viper
Hippopotamus
Octopus
Scorpion
Emu
Lemming
Reindeer
Sun bear
Otter
Whale shark
Sea lion
Chipmunk
Rabbit
Flying fox
Crocodile
Badger
Walrus
Honeyeater
Giant squid
Clam
Warthog
Wombat
Jaguarundi
Indri
Scombrops
Manatee
Gibbon
Takin
Polecat
Solenodon
Bettong
Salamander
Bearded brotula
Colugo
Squirrel
Currawong
 
Answer Stats
Answer % Correct
Elephant
96%
Snow leopard
90%
Rhinoceros
84%
Poodle
83%
Mouse
81%
Meerkat
77%
Hippopotamus
76%
Reindeer
74%
Rabbit
71%
Chipmunk
65%
Otter
65%
Sun bear
65%
Aardvark
63%
Badger
62%
Bowhead whale
62%
Squirrel
61%
Warthog
57%
Sea lion
56%
Lemming
55%
Wombat
54%
Bat Flying fox
53%
Walrus
53%
Gibbon
51%
Polecat
50%
Manatee
45%
Jaguarundi
26%
Marsupial Bettong
20%
A.k.a. flying lemur Colugo
18%
Lemur Indri
17%
Sheep relative Takin
16%
Giant shrew-thing Solenodon
13%
No matching quizzes found
Score Distribution
Percent of People with Each Score
Percentile by Number Answered
Your Score History
You have not taken this quiz